Les lions de fiction par images - Statistiques

Statistiques générales
  • Ce quiz a été pris 62 fois
  • Le résultat moyen est 6 sur 16
Statistiques - réponses
Par images Réponse % Correct
Scar
93%
Mufasa
87%
Lion
73%
Alex
70%
Aslan
67%
Prince Jean
52%
Léo
32%
Solgaleo
32%
Némélios
27%
Le lion peureux
18%
Kon
7%
Azzlan
2%
Lippy
2%
Kgosi
0%
Larry
0%
Socrate
0%
Aucun quiz correspondant
Distribution des résultats
% des personnes avec chaque résultat
Percentile par nombre de réponses
Votre historique - résultats
Vous n’avez pas pris ce quiz